The Leopard and the fox (Record no. 18583)

MARC details
000 -LEADER
fixed length control field 00563nam a2200193Ia 4500
003 - CONTROL NUMBER IDENTIFIER
control field IN-BaIIA
008 - FIXED-LENGTH DATA ELEMENTS--GENERAL INFORMATION
fixed length control field 211028s9999 xx 000 0 eng d
020 ## - INTERNATIONAL STANDARD BOOK NUMBER
International Standard Book Number 978-1-905-42229-6
040 ## - CATALOGING SOURCE
Transcribing agency IIA Library
080 ## - UNIVERSAL DECIMAL CLASSIFICATION NUMBER
Universal Decimal Classification number 82-2
Item number ALI
100 ## - MAIN ENTRY--PERSONAL NAME
Personal name Ali, Tariq
9 (RLIN) 35657
245 #4 - TITLE STATEMENT
Title The Leopard and the fox
Remainder of title a Pakistani tragedy
Statement of responsibility, etc. Tariq Ali
260 ## - PUBLICATION, DISTRIBUTION, ETC.
Place of publication, distribution, etc. Calcutta
Name of publisher, distributor, etc. Seagull Books
Date of publication, distribution, etc. 2007
300 ## - PHYSICAL DESCRIPTION
Extent xi, 204p.
650 ## - SUBJECT ADDED ENTRY--TOPICAL TERM
Topical term or geographic name entry element Bhutto, Zulfikaar Ali-Drama
9 (RLIN) 35658
650 ## - SUBJECT ADDED ENTRY--TOPICAL TERM
Topical term or geographic name entry element Censorship television plays
9 (RLIN) 35659
650 ## - SUBJECT ADDED ENTRY--TOPICAL TERM
Topical term or geographic name entry element Politics and Government
9 (RLIN) 35660
942 ## - ADDED ENTRY ELEMENTS (KOHA)
Koha item type Books
Holdings
Withdrawn status Lost status Damaged status Not for loan Home library Current library Shelving location Date acquired Source of acquisition Cost, normal purchase price Total Checkouts Full call number Barcode Date last seen Date last checked out Cost, replacement price Price effective from Koha item type Purchase Price
        IIA Library-Bangalore IIA Library-Bangalore General Stacks 03/04/2013 FLI 425.00 1 82-2/ ALI 19505 25/05/2022 05/05/2022 425.00 03/04/2013 Books Rs. 425.00

Powered by Koha